<?xml version="1.0" encoding="UTF-8"?>
<collection xmlns="http://www.loc.gov/MARC21/slim">
 <record>
  <leader>01047nam a22002175a 4500</leader>
  <controlfield tag="001">CEM.cems020546</controlfield>
  <controlfield tag="008">231010s2001####xx############000#0#und#d</controlfield>
  <controlfield tag="005">20231010110430.0</controlfield>
  <datafield tag="245" ind1="1" ind2="0">
   <subfield code="a">El fabricante de risas /</subfield>
   <subfield code="c">Alicia Morel ; ilustrado por Andrés Jullian.</subfield>
  </datafield>
  <datafield tag="260" ind1=" " ind2=" ">
   <subfield code="a">Santiago [Chile] :</subfield>
   <subfield code="b">Andrés Bello,</subfield>
   <subfield code="c">2001.</subfield>
  </datafield>
  <datafield tag="300" ind1=" " ind2=" ">
   <subfield code="a">123 p.</subfield>
  </datafield>
  <datafield tag="490" ind1="1" ind2=" ">
   <subfield code="a">Andrés Bello ;</subfield>
   <subfield code="v">198</subfield>
  </datafield>
  <datafield tag="520" ind1=" " ind2=" ">
   <subfield code="a">Un relato maravilloso que nos presenta a la tribu de la Pequeña Gente, en la que destaca Bli, el anciano fabricante de risas... Risas de todas clases y de todos los colores. Risas que algran el corazón y llevan la paz a todos aquellos seres que habitan ocultos en el gran bosque: Blam Blu, Trumao, Lillón, Tri-Li, Arien, la bruja Tina, Piti el tordo, los pequeños elfos y tantos más ...</subfield>
  </datafield>
  <datafield tag="020" ind1=" " ind2=" ">
   <subfield code="a">9561317044</subfield>
  </datafield>
  <datafield tag="100" ind1="1" ind2=" ">
   <subfield code="a">Morel, Alicia.</subfield>
  </datafield>
  <datafield tag="700" ind1="1" ind2=" ">
   <subfield code="a">Jullian, Andrés; il.</subfield>
  </datafield>
  <datafield tag="653" ind1=" " ind2=" ">
   <subfield code="a">Literatura</subfield>
  </datafield>
  <datafield tag="653" ind1=" " ind2=" ">
   <subfield code="a">Literatura Infantil</subfield>
  </datafield>
  <datafield tag="653" ind1=" " ind2=" ">
   <subfield code="a">Novela</subfield>
  </datafield>
  <datafield tag="653" ind1=" " ind2=" ">
   <subfield code="a">Novela Infantil</subfield>
  </datafield>
  <datafield tag="859" ind1=" " ind2=" ">
   <subfield code="a">CEMS</subfield>
   <subfield code="b">BIB. CEMS - Inicial y Primaria</subfield>
   <subfield code="h">Ch863.4</subfield>
   <subfield code="i">M814</subfield>
   <subfield code="k">IP</subfield>
   <subfield code="p">2142</subfield>
   <subfield code="t">Ej.1</subfield>
  </datafield>
 </record>
</collection>
